Who stole the Wizard of Oz? / (Record no. 318)

MARC details
000 -LEADER
fixed length control field 01094cam a22003253a 4500
001 - CONTROL NUMBER
control field 318
003 - CONTROL NUMBER IDENTIFIER
control field FISKH
005 - DATE AND TIME OF LATEST TRANSACTION
control field 20240207104648.0
008 - FIXED-LENGTH DATA ELEMENTS--GENERAL INFORMATION
fixed length control field 970723t19971981nyua j 000 1 eng d
010 ## - LIBRARY OF CONGRESS CONTROL NUMBER
LC control number 97817461
035 ## - SYSTEM CONTROL NUMBER
System control number (OCoLC)ocm37344370
040 ## - CATALOGING SOURCE
Original cataloging agency AZD
Transcribing agency AZD
Modifying agency OCL
-- DLC
-- FISKH
Language of cataloging eng
050 00 - LIBRARY OF CONGRESS CALL NUMBER
Classification number PZ7.A953
082 ## - DEWEY DECIMAL CLASSIFICATION NUMBER
Edition number 813.6
100 0# - MAIN ENTRY--PERSONAL NAME
Personal name Avi
Dates associated with a name 1937-
Fuller form of name Wortis, Edward Irving
245 10 - TITLE STATEMENT
Title Who stole the Wizard of Oz? /
Statement of responsibility, etc. illustrated by Derek James
260 ## - PUBLICATION, DISTRIBUTION, ETC.
Place of publication, distribution, etc. New York
Name of publisher, distributor, etc. Scholastic
Date of publication, distribution, etc. 2001
300 ## - PHYSICAL DESCRIPTION
Extent 116 p. :
Other physical details ill. ;
Dimensions 20 cm.
500 ## - GENERAL NOTE
General note "A Knopf paperback."
505 ## - FORMATTED CONTENTS NOTE
Formatted contents note H
520 ## - SUMMARY, ETC.
Summary, etc. Becky and her brother use some ingenious clues to identify the person who stole five children's books from the town's library.
521 8# - TARGET AUDIENCE NOTE
Target audience note 520 <br/>
Source Lexile
521 8# - TARGET AUDIENCE NOTE
Target audience note H <br/>
Source Raz-Plus
650 #0 - SUBJECT ADDED ENTRY--TOPICAL TERM
Topical term or geographic name entry element Detective and mystery stories
Form subdivision Juvenile literature.
655 #7 - INDEX TERM--GENRE/FORM
Genre/form data or focus term Young adult fiction.
Source of term lcsh
700 1# - ADDED ENTRY--PERSONAL NAME
Personal name James, Derek.
710 2# - ADDED ENTRY--CORPORATE NAME
Corporate name or jurisdiction name as entry element Copyright Paperback Collection (Library of Congress)
Institution to which field applies DLC
906 ## - LOCAL DATA ELEMENT F, LDF (RLIN)
a 7
b cbc
c copycat
d 2
e ncip
f 19
g y-genrareb
942 ## - ADDED ENTRY ELEMENTS (KOHA)
Source of classification or shelving scheme Dewey Decimal Classification
Koha item type Books
Suppress in OPAC No
Holdings
Withdrawn status Lost status Source of classification or shelving scheme Damaged status Not for loan Collection Home library Current library Shelving location Date acquired Total Checkouts Full call number Barcode Date last seen Date last checked out Copy number Price effective from Koha item type
    Dewey Decimal Classification     Juvenile Fiction Footprints International School Library Network Toul Kork Campus Footprints International School Library Network Toul Kork Campus TK Primary Library Room(4th Floor), Bookcase 3&4, Shelves 17-32, Yellow Books 03/21/2023 1 AVI PZ7.A953 813.6 FISTK04909 06/04/2024 10/23/2023 1 03/21/2023 Books
    Dewey Decimal Classification     Juvenile Fiction Footprints International School Library Network Toul Kork Campus Footprints International School Library Network Toul Kork Campus TK Primary Library Room(4th Floor), Bookcase 3&4, Shelves 17-32, Yellow Books 03/21/2023   AVI PZ7.A953 813.6 FISTK05423 02/07/2024   2 03/21/2023 Books